000 00869nam a22002777i 4500
003 URS
005 20220117120623.0
008 180508b xxu||||| |||| 00| 0 eng d
020 _a0070728607
040 _aDLC
_erda
_cURS
_dDLC
_beng
043 _an-us---
050 0 0 _aHC59
_b.Z63 1980
100 1 _aZoffer, Gerald R.
245 1 0 _aEconomic sanity or collapse : including the Roman-Loebl approach to economics /
_cGerald R. Zoffer.-
264 1 _aNew York :
_bMcGraw-Hill,
_c[1980]
264 4 _c©1980
300 _axi, 340 pages ;
_c24 cm
336 _atext
_btxt
_2rdacontent
337 _aunmediated
_bn
_2rdamedia
338 _avolume
_bnc
_2rdacarrier
500 _aIncludes index.
650 0 _aEconomic history
_y1971-1990.
651 0 _aUnited States
_xEconomic policy
_y1971-1981.
906 _a7
_bcbc
_corignew
_d1
_eocip
_f19
_gy-gencatlg
942 _2lcc
_cFR
999 _c5027
_d5027